| 000 | 00924nam a22003137a 4500 | ||
|---|---|---|---|
| 003 | CHAP | ||
| 005 | 20220329134308.0 | ||
| 008 | 971013s1976 r 00010 d | ||
| 010 | _a18304 | ||
| 011 | _a19276 | ||
| 035 | _a23361 | ||
| 040 | _cCHAP | ||
| 082 |
_a633.15 _bJ8 |
||
| 100 | 0 | 0 |
_aJugenheimer, Robert W. _962282 |
| 245 | _aCorn; improvement, seed productions, and uses | ||
| 260 |
_aNew Yoek : _bWiley, _c1976 |
||
| 300 | _a670 p | ||
| 590 |
_aBATCH-UPD _b10 _c20130110 _lUCH01 _h1125 |
||
| 590 |
_aBATCH-UPD _b10 _c20130410 _lUCH01 _h0715 |
||
| 590 |
_aBATCH-UPD _b10 _c20130914 _lUCH01 _h1746 |
||
| 590 |
_aCONVERSION _b10 _c20130109 _lUCH01 _h1311 |
||
| 650 | 1 | 4 |
_aMaíz. _970848 |
| 650 | 1 | 4 |
_aMaíz _xGenética. _970963 |
| 650 | 1 | 4 |
_aMaíz _xMejoramiento. _971006 |
| 650 | 1 | 4 |
_aMaíz _xSemilla. _971059 |
| 901 | _aBK | ||
| 942 | _cLIBRO | ||
| 949 |
_a633.15 J8 _bBC _cLIBRO _d33724000207171 _eLIBRO _h42134 _i23361 _si |
||
| 999 |
_c18304 _d18304 |
||